| 000 | 01169cam a2200349 a 4500 | ||
|---|---|---|---|
| 001 | 16571818 | ||
| 003 | OSt | ||
| 005 | 20180116192422.0 | ||
| 008 | 101208s2010 sz a b 001 0 eng | ||
| 010 | _a 2010537242 | ||
| 015 |
_aGBB087502 _2bnb |
||
| 016 | 7 |
_a015607061 _2Uk |
|
| 020 | _a9783034606073 (hbk.) | ||
| 020 | _a3034606079 (hbk.) | ||
| 035 | _a(OCoLC)ocn648921219 | ||
| 040 |
_aUKM _cUKM _dBTCTA _dYDXCP _dOHX _dERASA _dPAU _dDLC |
||
| 042 | _alccopycat | ||
| 050 | 0 | 0 |
_aNA1053.J4 _bS259 2010 |
| 082 | 0 | 4 |
_a720.92 _222 |
| 100 | 1 |
_aSamuel, Flora. _97481 |
|
| 245 | 1 | 0 |
_aLe Corbusier and the architectural promenade / _cFlora Samuel. |
| 260 |
_aBasel : _bBirkhäuser, _c2010. |
||
| 300 |
_a223 p. : _bill. (some col.) ; _c28 cm. |
||
| 504 | _aIncludes bibliographical references (p. 213-218) and index. | ||
| 600 | 0 | 0 |
_aLe Corbusier, _d1887-1965 _xCriticism and interpretation. _97482 |
| 650 | 0 |
_aSpace (Architecture) _97483 |
|
| 650 | 0 |
_aArchitectural design. _97484 |
|
| 650 | 0 |
_aArchitecture _xHuman factors. _97485 |
|
| 906 |
_a7 _bibc _ccopycat _d2 _encip _f20 _gy-gencatlg |
||
| 942 |
_2ddc _cBK |
||
| 999 |
_c353930 _d353930 |
||